| 000 | 01016cam a2200325Ia 4500 | ||
|---|---|---|---|
| 001 | 45596 | ||
| 005 | 20230410132819.0 | ||
| 008 | 880115t19771975sp b 000 0 spa d | ||
| 035 | _a(OCoLC)ocm17349562 | ||
| 040 |
_aTXG _cTXG _dOCL |
||
| 020 | _a8471665646 | ||
| 020 | _a9788471665645 | ||
| 035 | _a(OCoLC)17349562 | ||
| 041 | 1 |
_aspa _heng |
|
| 050 | 1 | 4 |
_aQP 82.2 _bS731e 1977 |
| 049 | _aGRAL | ||
| 100 | 1 | _aSoyka, Fred. | |
| 245 | 1 | 3 |
_aEl efecto de los iones : _bcomo la electricidad del aire rige la vida y la salud / _cFred Soyka y Alan Edmonds. |
| 260 |
_aMadrid : _bEDAF, _c1977. |
||
| 300 |
_a217 p. ; _c21 cm. |
||
| 504 | _aBibliography: p. 215-217. | ||
| 500 | _aTranslation of: The ion effect; translated by Antonio Santamaria. | ||
| 650 | 0 |
_aIonized air _xPhysiological effect. |
|
| 650 | 0 |
_aHuman beings _xEffect of environment on. |
|
| 650 | 0 | _aEnvironmentally induced diseases. | |
| 700 | 1 |
_aEdmonds, Alan Denis, _d1932- |
|
| 942 |
_2lcc _cbk |
||
| 946 | _amfcruz | ||
| 994 |
_aC0 _bDRFGD |
||
| 999 |
_c88210 _d88210 |
||